|
|
|
|
| LEADER |
01027nab a2200265 i 4500 |
| 001 |
misc65240 |
| 005 |
20240919083246.0 |
| 008 |
230911s1948 hu o 000 fre d |
| 040 |
|
|
|a SZTE Miscellanea Repozitórium
|b hun
|
| 041 |
|
|
|a fre
|
| 041 |
|
|
|a gre
|
| 041 |
|
|
|a ota
|
| 100 |
1 |
|
|a Wittek Paul
|
| 245 |
1 |
0 |
|a Recherches sur l'histoire et le statut des monastères Athonites sous la domination turque
|h [elektronikus dokumentum] /
|c Wittek Paul
|
| 260 |
|
|
|a de Meester
|b Wetteren
|c 1948
|
| 300 |
|
|
|a 411-472
|c 24 cm
|
| 300 |
|
|
|a [62] p., [2] t.
|c 24 cm
|
| 490 |
0 |
|
|a Archives d'histoire de droit oriental
|
| 561 |
|
|
|a Németh Gyula hagyaték
|
| 591 |
|
|
|a NOA 6438
|
| 650 |
|
4 |
|a Bölcsészettudományok
|
| 650 |
|
4 |
|a Történettudomány és régészet
|
| 695 |
|
|
|a Egyháztörténet - ortodox - Görögország - 15-19. sz., Görögország története - 15-19. sz., Ortodox egyház - Görögország, Athos-hegy
|
| 700 |
0 |
1 |
|a Lemerle Paul
|e aut
|
| 856 |
4 |
0 |
|u http://misc.bibl.u-szeged.hu/65240/1/6438_noa.pdf
|z Dokumentum-elérés
|